Normal view
MARC view
Entry Personal Name
001 - CONTROL NUMBER
- control field: 23392
003 - CONTROL NUMBER IDENTIFIER
- control field: dpl
005 - DATE AND TIME OF LATEST TRANSACTION
- control field: 20101012144703.0
008 - FIXED-LENGTH DATA ELEMENTS
- fixed length control field: 101012|||a|||||| | ||| d
040 ## - CATALOGING SOURCE
- Original cataloging agency: dpl
- Transcribing agency: dpl
100 ## - HEADING--PERSONAL NAME
- Personal name: बिमला देवी
670 ## - SOURCE DATA FOUND
- Source citation: Work cat.: (dpl): रामपाल सिंह 23391, अन्तिम हिन्दू सम्राटःपृथ्वीराज चौहान /, 2010
670 ## - SOURCE DATA FOUND
- Source citation: Work cat.: (dpl): रामपाल सिंह 23391, अन्तिम हिन्दू सम्राटःपृथ्वीराज चौहान /, 2010
